Statistics for Countries with 7 letters

Click here to take the quiz!

General Stats

  • This quiz has been taken 3,858 times
  • The average score is 24 of 39

Answer Stats

North America % Correct
Germany
83%
Finland
83%
Bolivia
81%
Uruguay
80%
Ecuador
78%
Albania
78%
Ireland
78%
Iceland
77%
Belgium
75%
Andorra
75%
Austria
73%
Estonia
72%
Denmark
72%
Hungary
71%
Croatia
70%
Jamaica
69%
Belarus
66%
Algeria
64%
Vanuatu
64%
Bahamas
64%
Romania
60%
Grenada
57%
Armenia
57%
Vietnam
55%
Nigeria
55%
Ukraine
55%
Moldova
52%
Georgia
50%
Morocco
49%
Tunisia
49%
Somalia
49%
Liberia
45%
Lebanon
45%
Eritrea
43%
Senegal
43%
Lesotho
41%
Burundi
41%
Bahrain
40%
Comoros
35%

Score Distribution

Percentile by Number Answered

Percent of People with Each Score

Your Score History

You have not taken this quiz